|
|
|
|
| LEADER |
00000nab a2200000 a 4500 |
| 001 |
vtls000189717 |
| 003 |
SK-MaSNL |
| 005 |
20260302213052.0 |
| 008 |
140301c1984 xo 0 slo |
| 015 |
|
|
|a SNBRB19rr/mm-uuuuu
|
| 035 |
|
|
|a CL0199830
|
| 040 |
|
|
|a SNKBUCL
|b slo
|c SNKBUCL
|e AACR2
|
| 041 |
0 |
|
|a slo
|
| 044 |
|
|
|a xo
|c SK
|
| 080 |
|
|
|a 331.876:371.124
|2 1981
|
| 080 |
|
|
|a 371.124
|2 1981
|
| 100 |
1 |
|
|a Sikoraiová, Anna
|4 aut
|9 924324
|
| 245 |
1 |
0 |
|a Prínos iniciatívy pracujúcich
|c Anna Sikoraiová
|
| 650 |
0 |
7 |
|a iniciatíva pracujúcich
|2 snkbucl
|9 921698
|
| 650 |
0 |
7 |
|a učitelia
|2 snkbucl
|9 3995
|
| 650 |
0 |
7 |
|a OZ pracovníkov školstva a vedy
|2 snkbucl
|9 923190
|
| 655 |
|
7 |
|a články z novín a časopisov
|2 snkbucl
|9 267496
|
| 773 |
0 |
|
|t Učiteľské noviny
|g Roč. 34, č. 22 (1984), s. 1
|
| 850 |
|
|
|a Slovenská národná knižnica v Martine
|a MTA001
|
| 852 |
|
|
|a SNK
|b KIS3GCP
|
| 958 |
|
|
|a RK
|
| 992 |
|
|
|a RBX
|
| 999 |
|
|
|c 1492015
|d 1493945
|